ბათუმის შოთა რუსთაველის სახელმწიფო უნივერსიტეტის ბიბლიოთეკა

გერმანულენოვანი პოეზია (XIX-XXI სს.) = Deutschsprachige Dichtung aus dem 19. und 21. Jahrhundert : (ბიბ.ჩანაწერი № 63724)

000 -ლიდერი
ფიქსირებული სიგრძის საკონტროლო ველი 01610nam a22002417a 4500
003 - საკონტროლო ნომრის იდენტიფიკატორი
საკონტროლო ველი Ge_BSU
005 - ბოლო ოპერაციის თარიღი და დრო
საკონტროლო ველი 20251216143043.0
008 - ფიქსირებული სიგრძის მონაცემთა ელემენტები - ზოგადი ინფორმაცია
ფიქსირებული სიგრძის საკონტროლო ველი 251216s2025 ge ||||| |||| 00| 0 geo d
020 ## - წიგნის საერთაშორისო სტანდარტული ნომერი
International Standard Book Number 9789941996443
041 ## - ენის კოდი
Language code of text/sound track or separate title geo
080 ## - უნივერსალური ათობითი კლასიფიკაციის ინდექსი
Universal Decimal Classification number 821.112.2.03=353.1 გ-36
245 ## - ცნობა სათაურის შესახებ
Title გერმანულენოვანი პოეზია (XIX-XXI სს.) = Deutschsprachige Dichtung aus dem 19. und 21. Jahrhundert :
Remainder of title [კრებული] /
Statement of responsibility, etc თარგმნა კონსტანტინე ზ. გამსახურდიამ.
264 ## - წარმოების, გამოცემის, დისტრიბუციის და სხვა ცნობები
გამოცემის, წარმოების, დისტრიბუციის... ადგილი თბილისი :
გამოცემის, წარმოების, დისტრიბუციის... სახელწოდება ილია ჭავჭავაძის სახ. საქართველოს ეროვნული ბიბლიოთეკა,
გამოცემის, წარმოების, დისტრიბუციის... თარიღი 2025.
300 ## - ფიზიკური აღწერა
Extent 354 გვ. ;
Other physical details 25 სმ.
500 ## - ზოგადი შენიშვნა
General note გარეკანი, თავფურცელი და ტექსტი ქართულ და გერმანულ ენებზე.
653 ## - INDEX TERM--UNCONTROLLED
Uncontrolled term გერმანული პოეზია -- თარგმანები ქართულ ენაზე.
700 ## - ADDED ENTRY--PERSONAL NAME
Personal name გოეთე, იოჰან ვოლფგანგ
Relator term ავტორი
9 (RLIN) 12332
700 ## - ADDED ENTRY--PERSONAL NAME
Personal name შილერი, ფრიდრიხ
Relator term ავტორი.
9 (RLIN) 19518
700 ## - ADDED ENTRY--PERSONAL NAME
Personal name ნოვალისი
Relator term ავტორი
9 (RLIN) 14604
700 ## - ADDED ENTRY--PERSONAL NAME
Personal name ბრენტანო, კლემენს და სხვ.
Relator term ავტორი
9 (RLIN) 26522
700 ## - ADDED ENTRY--PERSONAL NAME
Personal name გამსახურდია, კონსტანტინე ზ.
Relator term მთარგმნელი
9 (RLIN) 26523
942 ## - ADDED ENTRY ELEMENTS (KOHA)
Source of classification or shelving scheme
Koha item type წიგნი
ეგზემპლარები
ჩამოწერის სტატუსი დაკარგული ეგზემპლარის სტატუსი კლასიფიკაციის წყარო ან თაროზე გაწყობის სქემა დაზიანების სტატუსი არ გაიცემა მუდმივი მდებარეობა (დაცვის ადგილი) ამჟამინდელი ადგილსამყოფელი თაროზე განთავსების ადგილი შეძენის თარიღი ღირებულება, შესყიდვის ნორმალური ფასი სრული შენახვის შიფრი შტრიხკოდი ბოლო ოპერაციის თარიღი ეგზემპლარის მიმდევრობითი ნომერი (კეტერი?) Uniform Resource Identifier ფასის ძალაში შესვლის თარიღი ეგზემპლარის სახეობა საჯარო შენიშვნა
          ბათუმის შოთა რუსთაველის სახელმწიფო უნივერსიტეტის მთავარი ბიბლიოთეკა ბათუმის შოთა რუსთაველის სახელმწიფო უნივერსიტეტის მთავარი ბიბლიოთეკა წიგნსაცავი 2025-12-16 25.00 821.112.2.03=353.1 გ-36 73283 2025-12-16 73283 საჩუქარი საქართველოს ეროვნული ბიბლიოთეკისაგან 2025-12-16 წიგნი 25 ლ.